Divadelné noviny

Bibliographic Details
Other Authors: Pekárová, Adriena (Publishing director)
Format: Journal
Language:Slovak
PhysicalDescription:1 zv. 27 cm
Published: Bratislava Michaela Čobejová, Drama Production 2000-2001
ISSN:1335-731X
Subjects:

MARC

LEADER 00000cas a2200000 a 4500
001 vtls008881235
003 SK-MaSNL
005 20260228162135.0
008 010103c20002001xo ur p r 0 0 b0slo
022 |a 1335-731X  |y 1335-931X 
035 |a (SVKBB03)vtls000060472 
040 |a ŠVKBB  |b slo  |c ŠVKBB  |d SNK  |e AACR2 
041 0 |a slo 
072 7 |a 792  |x Divadlo. Divadelné predstavenia  |2 konspekt 
080 |a 792  |2 2011 
080 |a 82-2  |2 2011 
080 |a 050  |2 2011 
080 |a (051)-048.55  |2 2011 
245 0 0 |a Divadelné noviny 
260 |a Bratislava  |b Michaela Čobejová, Drama Production  |c 2000-2001 
300 |a 1 zv.  |c 27 cm 
310 |a Nepravidelne 
362 0 |a Roč. I, č. 1(2000/2001) 
500 |a Šéfredaktorka: Adriena Pekárová 
500 |a V tiráži uvedené nesprávne ISSN 1335-931X 
500 |a Reg. číslo: MK SR 23762000 
550 |a Vydáva Michaela Čobejová 
650 0 7 |a divadlo  |2 SNKPH  |9 3335 
655 7 |a špecializované časopisy  |2 SNKPH  |9 70509 
700 1 |a Pekárová, Adriena  |4 pbd  |9 270451 
910 |a snk 
999 |c 6922  |d 8852 
952 |0 0  |1 0  |4 0  |7 1  |8 0  |a SNK  |b SNK  |d 2019-09-11  |i snk2019/22753  |l 0  |o snkČSB 7266/1/2000-2001 D1  |p 17A1383030  |r 2026-02-21 21:52:21  |t č. 1-3, neúplné  |w 2026-02-21  |y NEVYP  |z Chýba č. 1 
952 |0 0  |1 0  |4 0  |7 0  |8 0  |a SNK  |b SNK  |d 2019-09-06  |i snk2019/22430  |l 0  |o snkČSB 7266/1/2000-2001  |p 17A1383085  |r 2026-02-21 22:28:36  |t č. 1-3  |w 2026-02-21  |y PREZ